1761 1628 1045 1419 1908 1594 1645 1987 1514 1808 1555 1941 1728 1774 1557 1503 1182 1938 1125 1192 1003 1091 1306 1849 1097 1217 1976 1226 1810 1604 1488 1685 1237 1899 1980 1396 1879 1631 1565 1006 1135 1315 1381 1816 1542 1558 1526 1700 1866 1124 1691 1828 1007 1754 1937 1234 1983 1183 1090 1555 1418 1662 1355 1706 1962 1065 1351 1220 1351 1931 1734 1360 1715 1080 1543 1438 1748 1905 1462 1323 1441 1075 1281 1150 1269 1920 1247 1721 1824 1767 1436 1327 1304 1286 1842 1189 1998 1075 1560 BCNSPRNW ULIB Ver.6.0+V

เปลี่ยนเป็นภาษาไทย

Change to English
 แสดงรายละเอียดบรรณานุกรม
  กลับหน้าหลัก

Brief Record : Get Marc (ISO 2709) : E-mail record : QR code < ปิดหน้าต่าง
LEADER : 00000nam 2200000uu 4500
001    13399122729
003     ULIB
008    020711s2555 th a 000 0 tha d
020    9786162132155
050  4 DS520^bส834ม
100    สุภฤกษ์ บุญทอง
245    มิงกลาบา...พม่า/^cสุภฤกษ์ บุญทอง
250    พิมพ์ครั้งที่ 2
260    กรุงเทพฯ :^bสกายบุ๊กส์,^c2555
300    72 หน้า
440  0 ชุด ประชาคมอาเซียนฉบับการ์ตูน
650  7 อาเซียน^xเสริมความรู้
650  7 พม่า
945    ^p119^l0^i20171
999    ^aทศพร เกษรทอง
รายการนี้ยังไม่มีแท็ก
คุณยังไม่ได้ล็อกอิน คุณสามารถมีกิจกรรมร่วมกับเว็บไซต์ได้ แต่ต้องล็อกอินก่อน ::
  ล็อกอิน

รายการสื่อสารสนเทศ

ลำดับที่ ประเภท เลขเรียก/บาร์โค้ด สถานที่ สถานะ
1. การศึกษาทั่วไป
การศึกษาทั่วไป
DS520 ส834ม ฉ.1 
  Barcode: 20171
ห้องสมุดวิทยาเขตนครสวรรค์
►หนังสือทั่วไป:l:General Books
บนชั้น

รายการใกล้เคียง
    ผู้แต่ง [สุภฤกษ์ บุญทอง]

    หัวเรื่อง [พม่า]

BibComment


ยังไม่เคยถูกคอมเมนท์

คอมเมนท์ทรัพยากรรายการนี้
  คอมเมนท์: มิงกลาบาพม่า สุภฤ..


 Copyright 2026. Bcnsprnw @Library